Smithsonian meteorological tables : based on Guyot's meteorological and physical tables.

Saved in:
Bibliographic Details
Corporate Author: Smithsonian Institution
Other Authors: Marvin, C. F. (Charles Frederick), 1858-1943, Kimball, Herbert H. (Herbert Harvey), Guyot, A. (Arnold), 1807-1884
Format: Book
Language:English
Published: Washington, 1918.
Edition:4th ed., corrected to January, 1918.
Series:Smithonian Institution. Publication,2493.
Subjects:
LEADER 01191nam a2200277 a 4500
001 c000179178
003 CARM
005 19920331000000.0
008 810322s1918 usu 000 0 eng d
019 1 |a 6350548  |5 LACONCORD2021 
035 |a (OCoLC)47987521  |5 LACONCORD2021 
040 |a 2509  |b eng  |c 2509  |d 2509 
110 2 |a Smithsonian Institution. 
245 0 0 |a Smithsonian meteorological tables :  |b based on Guyot's meteorological and physical tables. 
250 |a 4th ed., corrected to January, 1918. 
260 |a Washington,  |c 1918. 
300 |a lxxii, 261p. 
490 0 |a Smithonian Institution. Publication,2493. 
500 |a Prepared under the direction of Charles F. Marvin assisted by Herbert H. Kimball. 
650 0 |a Meteorology  |x Tables. 
700 1 |a Marvin, C. F.  |q (Charles Frederick),  |d 1858-1943. 
700 1 |a Kimball, Herbert H.  |q (Herbert Harvey) 
700 1 |a Guyot, A.  |q (Arnold),  |d 1807-1884.  |t Collection of meteorological tables. 
852 8 |b CARM  |h A2:AN14F0  |i C06203  |p 0238057  |f BK 
999 f f |i 279ce1e3-2417-5d6e-ba8e-12babbee8e1a  |s 16022f42-940e-5aab-8331-2d701c631f6a 
952 f f |p Can circulate  |a CAVAL  |b CAVAL  |c CAVAL  |d CARM 1 Store  |e C06203  |f A2:AN14F0  |h Other scheme  |i book  |m 0238057